000 00656nam a2200217Ia 4500
005 20250508170004.0
008 008 250505s9999 xx 000 0 eng d
020 _a978-93-528-0707-9
037 _aTextual
040 _aFEDL
_beng
_cFEDL
041 _aeng
_2eng
084 _a378.54, ARC
_qFEDL
100 _aArcher Louise
_9782617
245 0 _aHigher education and social class: Issues of exclusion and inclusion
260 _aLondon, UK
_bRoutledge Falmer
_c2003
300 _aviii, 227p.
365 _aINR
_b995
700 _a Hutchings Merryn Ross Alistair
_9782618
942 _cTEXL
_h378.54, ARC
999 _c1398555
_d1398555